Bosquejo estadístico de Bolivia
Uloženo v:
| Hlavní autor: | |
|---|---|
| Médium: | Kniha |
| Jazyk: | španělština |
| Vydáno: |
La Paz
Universidad Mayor de San Andrés
1975
|
| Témata: | |
| Tagy: |
Přidat tag
Žádné tagy, Buďte první, kdo vytvoří štítek k tomuto záznamu!
|
MARC
| LEADER | 00000nam a2200000 a 4500 | ||
|---|---|---|---|
| 001 | UCX2141 | ||
| 003 | CL-VaPUC | ||
| 008 | 910326e19750000BO |||||||||||||||||spa|d | ||
| 082 | 0 | 4 | |a 984 |b DAL |2 21 |
| 100 | 0 | |a Dalence, José María |e author |9 317964 | |
| 245 | 1 | 0 | |a Bosquejo estadístico de Bolivia |
| 300 | |a 339 p | ||
| 942 | |c BK | ||
| 945 | |d 19910326 00:00:00 | ||
| 260 | |a La Paz |b Universidad Mayor de San Andrés |c 1975 | ||
| 650 | 0 | |a Estadísticas |9 258644 | |
| 651 | 0 | |a Bolivia |9 255454 | |
| 583 | |a last modification |c 19910326 00:00:00 |k Rodrigo Vera | ||
| 999 | |c 223225 |d 223223 | ||
| 952 | |0 0 |1 0 |4 0 |6 984_000000000000000_DAL_1975 |7 0 |8 A |9 218804 |a BIBHIS |b BIBHIS |d 2019-11-15 |i 2876175 |o 984 DAL 1975 |p 2876175 |r 2025-01-20 |w 2019-11-15 |y BK |k HIS | ||